书目信息 |
| 题名: |
1848年的德国革命
|
|
| 作者: | ;华中师范学院历史系 编 | |
| 分册: | ||
| 出版信息: | 北京 商务印书馆 1975 |
|
| 页数: | 56页 | |
| 开本: | 20cm | |
| 丛书名: | ||
| 单 册: | ||
| 中图分类: | K516.41 | |
| 科图分类: | ||
| 主题词: | 东欧--历史 , 中欧--历史 | |
| 电子资源: | ||
| ISBN: | ||
| 000 | 00652nam0 2200217 450 | |
| 001 | 0656623343 | |
| 005 | 20060812144529.23 | |
| 010 | @dCNY0.13 | |
| 100 | @a20060811d1975 km y0chiy0120 ea | |
| 101 | 0 | @achi |
| 102 | @aCN@b110000 | |
| 200 | 1 | @a1848年的德国革命@A1848 nian de de guo ge ming@f华中师范学院历史系编@Fhua zhong shi fan xue yuan li shi xi bian |
| 210 | @a北京@c商务印书馆@d1975 | |
| 215 | @a56页@d20cm | |
| 300 | @a历史知识读物 | |
| 606 | 0 | @a东欧@x历史 |
| 606 | 0 | @a中欧@x历史 |
| 690 | @aK516.41@v3 | |
| 711 | 0 | @a华中师范学院历史系@Ahua zhong shi fan xue yuan li shi xi@4编 |
| 801 | 0 | @aCN@bPFT@c20060812 |
| 905 | @a10447@dK516.41@e20 | |
| 1848年的德国革命/华中师范学院历史系编.-北京:商务印书馆,1975 |
| 56页;20cm |
| 历史知识读物 |
| ISBN :CNY0.13 |
| ● |
| 相关链接 |
|
|
|
|
正题名:1848年的德国革命
索取号:K516.41/20
 
预约/预借
| 序号 | 登录号 | 条形码 | 馆藏地/架位号 | 状态 | 备注 |
| 1 | 0455585 | 204555855 | 密集书库/ [索取号:K516.41/20] | 在馆 |